Ont-ils déjà joué avec... Michael Keaton ? - Statistiques

Statistiques générales
  • Ce quiz a été pris 4 fois
  • Le résultat moyen est 2 sur 10
Answers on the Grid
Answers color-coded by a green-red scale on the quiz's grid according to % correct below.
Michael Douglas
Vincent Cassel
Adam Driver
Sigourney Weaver
Sharon Stone
Ben Stiller
Salma Hayek
Jack Black
Cameron Diaz
Chloë Grace Moretz
Al Pacino
Mila Kunis
Lindsay Lohan
Stanley Tucci
Christopher Lloyd
Kevin Bacon
John Turturro
Geena Davis
Andy Garcia
Morgan Freeman
 
Statistiques - réponses
Réponse % Correct
Geena Davis
50%
Morgan Freeman
50%
Al Pacino
25%
John Turturro
25%
Stanley Tucci
25%
Andy Garcia
0%
Christopher Lloyd
0%
Kevin Bacon
0%
Lindsay Lohan
0%
Mila Kunis
0%
Aucun quiz correspondant
Distribution des résultats
% des personnes avec chaque résultat
Percentile par nombre de réponses
Votre historique - résultats
Vous n’avez pas pris ce quiz